Enforcing antitrust against foreign enterprises (Record no. 41906)

MARC details
000 -LEADER
fixed length control field 00680nam a2200181 a 4500
008 - FIXED-LENGTH DATA ELEMENTS--GENERAL INFORMATION
fixed length control field 120416s1981 ||||||||||||||||| || u
050 ## - LIBRARY OF CONGRESS CALL NUMBER
Classification number K 110 Enf
100 ## - MAIN ENTRY--PERSONAL NAME
Personal name Dalton, Amanda
245 10 - TITLE STATEMENT
Title Enforcing antitrust against foreign enterprises
246 ## - VARYING FORM OF TITLE
Title proper/short title procedural problems in the extraterritorial application of antitrust laws
260 ## - PUBLICATION, DISTRIBUTION, ETC.
Place of publication, distribution, etc. Deventer (Netherlands)
Name of publisher, distributor, etc. Kluwer
Date of publication, distribution, etc. 1981
300 ## - PHYSICAL DESCRIPTION
Extent xiii, 125p. : ill.
350 ## - PRICE (NR) (BK AM CF MU VM SE) [OBSOLETE]
Price 0.00
650 ## - SUBJECT ADDED ENTRY--TOPICAL TERM
Topical term or geographic name entry element LAW
650 ## - SUBJECT ADDED ENTRY--TOPICAL TERM
Topical term or geographic name entry element ANTITRUST LAW
700 ## - ADDED ENTRY--PERSONAL NAME
Personal name Canenbley, Cornelis, 1942-
995 ## - RECOMMENDATION 995 [LOCAL, UNIMARC FRANCE]
-- 0.00
-- CBU-MAIN LIBRARY (Kitwe)
-- 1
-- 0.00
-- 1
-- AVAILABLE
-- Annex Low-Usage Collection
Holdings
Withdrawn status Lost status Source of classification or shelving scheme Damaged status Not for loan Home library Current library Shelving location Date acquired Total Checkouts Full call number Barcode Date last seen Price effective from Koha item type
          CBU-MAIN LIBRARY, KITWE. CBU-MAIN LIBRARY, KITWE.   11/30/2022   K 110 Enf 008524 11/30/2022 11/30/2022 MONOGRAPH